Pixel Art Geheime Flagge - Statistiken

Allgemein
  • Dieses Quiz wurde 104 mal gespielt
  • Das Durchschnittsergebnis liegt bei 14 aus 18
Antworten auf der Karte
Die Antworten werden auf der Karte rot bzw. grün angezeigt, abhängig davon wie oft sie richtig erraten wurden.
 
Antwortstatistiken
Gruppe Hint Antwort % Korrekt
Question Südkorea
100%
Question Island
99%
Question Türkei
99%
Question Ukraine
96%
Flag Südafrika
94%
Question Libanon
90%
Question Barbados
89%
Question Kenia
86%
Question Uganda
81%
Question Dominikanische Republik
75%
Question Tansania
73%
Question Lesotho
70%
Question Malediven
70%
Question Malawi
68%
Question Myanmar
68%
Flag Kap Verde
62%
Question Guinea
60%
Question Äquatorial-Guinea
59%
Keine übereinstimmenden Quizze gefunden
Verteilung der Resultate
Anzahl Personen mit jedem Resultat
Perzentil nach korrekt beantworteten Fragen
Ihre Resultats-Entwicklung
Sie haben dieses Quiz noch nicht gespielt